| 000 | 00670nmc a2200253 a 4500 | ||
|---|---|---|---|
| 003 | AR-BaBNM | ||
| 005 | 20251128211812.0 | ||
| 008 | 016020s1994 ||||||||||||||000 | spa|| | ||
| 020 | _a1-85326-133-5 | ||
| 040 | _cAR-BaBNM | ||
| 245 | 1 | 0 | _aEnglish fairy tales |
| 260 |
_aHertfordshire _bWordsworth Editions _c1994 |
||
| 300 | 0 | _a256 p. | |
| 490 | 0 | _aWordsworth classics of world literature | |
| 650 | 4 | _aLITERATURA INGLESA | |
| 650 | 4 | _aLITERATURA FOLKLORICA | |
| 650 | 4 | _aTRADICION ORAL | |
| 650 | 4 | _aCUENTOS | |
| 653 | 0 | _aLITERATURA MARAVILLOSA | |
| 655 | _aLITERATURA | ||
| 700 | 1 |
_aRackham, Arthur _eilustrador |
|
| 942 | _cBK | ||
| 998 | _cme-solo cat | ||
| 999 |
_c21180 _d21180 |
||